[Event "I Torneo Città di Biella"]
[Site "Biella ITA"]
[Date "2010.09.24"]
[Round "1.40"]
[White "Arruzza, Francesco"]
[Black "Redamante, Marzio"]
[Result "1-0"]
[WhiteElo "1850"]
[BlackElo "1440"]
[PlyCount "81"]
[EventDate "2010.09.24"]

1. e4 e5 2. Nf3 d6 3. d4 exd4 4. Nxd4 Be7 5. Bd3 Nf6 6. O-O O-O 7. Nc3 Bd7 8.
Bf4 Nc6 9. Nf3 Re8 10. h3 Nb4 11. Qd2 Nxd3 12. cxd3 Bc6 13. Nd4 Qd7 14. Nxc6
Qxc6 15. Rac1 Qa6 16. d4 Rac8 17. f3 h6 18. Qf2 Nh5 19. Be3 Qa5 20. a3 Bg5 21.
f4 Be7 22. Qf3 g6 23. f5 Nf6 24. fxg6 fxg6 25. Bxh6 Qh5 26. Qxh5 Nxh5 27. Nd5
Bh4 28. Rxc7 Rxc7 29. Nxc7 Rxe4 30. Nb5 Ng3 31. Rd1 Ne2+ 32. Kh1 Bf2 33. d5
Ng3+ 34. Kh2 Re2 35. Nxd6 Rxb2 36. Bf4 Ne2 37. Be5 Rb3 38. Ne4 Bh4 39. Nf6+ Kg7
40. d6 Kh6 41. d7 1-0